000 00571nam a2200181Ia 4500
005 20250508154038.0
008 008 250505s9999 xx 000 0 eng d
037 _aBooks to be hide in OPAC
040 _aFEDL
_beng
_cFEDL
041 _aeng
_2eng
084 _a010, CUM/O
_qFEDL
100 _aThompson Nina R Ed.
245 0 _aCumulative book index: World list of books in the english language January-July 1964
260 _aNew York, USA
_bThe H W Wilson Company
_c1964
300 _aix,1225p.
942 _cHB
_h010, CUM/O
999 _c1347259
_d1347259